Statistics for United States in Order of Admission Map Quiz

Click here to take the quiz!

General Stats

  • This quiz has been taken 794 times
  • The average score is 36 of 50

Answers on the Map

Answers color-coded by a green-red scale on the quiz's map according to % correct below.
 

Answer Stats

State% Correct
Delaware
99%
Pennsylvania
94%
New Jersey
92%
Georgia
87%
Connecticut
85%
New York
84%
Maryland
83%
Massachusetts
83%
New Hampshire
83%
Vermont
83%
Virginia
83%
North Carolina
82%
South Carolina
82%
Rhode Island
81%
Kentucky
80%
Ohio
79%
Tennessee
78%
Indiana
74%
Louisiana
73%
Maine
73%
Alabama
72%
Hawaii
72%
Illinois
72%
Mississippi
72%
Alaska
71%
Florida
71%
Arkansas
70%
Michigan
70%
Missouri
70%
Texas
70%
Iowa
69%
Wisconsin
69%
Minnesota
68%
California
67%
Oregon
66%
Arizona
65%
Kansas
65%
New Mexico
65%
Oklahoma
65%
West Virginia
65%
Nevada
63%
Nebraska
62%
Utah
62%
Washington
62%
Colorado
61%
Idaho
61%
Montana
61%
North Dakota
61%
South Dakota
61%
Wyoming
61%

Score Distribution

Percentile by Number Answered

Percent of People with Each Score

Your Score History

You have not taken this quiz